<?xml version="1.0" encoding="UTF-8"?>
<record
    xmlns:xsi="http://www.w3.org/2001/XMLSchema-instance"
    xsi:schemaLocation="http://www.loc.gov/MARC21/slim http://www.loc.gov/standards/marcxml/schema/MARC21slim.xsd"
    xmlns="http://www.loc.gov/MARC21/slim">

  <leader>01071nam a22002177a 4500</leader>
  <controlfield tag="003">DO-CoUTE</controlfield>
  <controlfield tag="005">20260501154030.0</controlfield>
  <controlfield tag="008">260501b        dr ||||| |||| 00| 0 spa d</controlfield>
  <datafield tag="020" ind1=" " ind2=" ">
    <subfield code="a">978-9945-639-42-1</subfield>
  </datafield>
  <datafield tag="040" ind1=" " ind2=" ">
    <subfield code="a">DO-CoUTE</subfield>
    <subfield code="b">spa</subfield>
    <subfield code="c">DO-CoUTE</subfield>
  </datafield>
  <datafield tag="082" ind1=" " ind2=" ">
    <subfield code="a">RD 861.44M671h</subfield>
  </datafield>
  <datafield tag="100" ind1="1" ind2=" ">
    <subfield code="a">Mir, Pedro </subfield>
    <subfield code="e">Autor </subfield>
  </datafield>
  <datafield tag="245" ind1="1" ind2="0">
    <subfield code="a">Hay un Pa&#xED;s En el Mundo y otros Poemas / </subfield>
    <subfield code="c">Pedro Mir </subfield>
  </datafield>
  <datafield tag="260" ind1=" " ind2=" ">
    <subfield code="a">Santo Domingo, Rep&#xFA;blica Dominicana ; </subfield>
    <subfield code="b">Infodosu, </subfield>
    <subfield code="c">2024</subfield>
  </datafield>
  <datafield tag="300" ind1=" " ind2=" ">
    <subfield code="a">117 Paginas : </subfield>
    <subfield code="c">23cm, </subfield>
  </datafield>
  <datafield tag="504" ind1=" " ind2=" ">
    <subfield code="a">Incluye referencia bibliogr&#xE1;fica e &#xED;ndice.

</subfield>
  </datafield>
  <datafield tag="505" ind1=" " ind2=" ">
    <subfield code="a">Hay un poeta en el mundo llamado Pedro Mir | De sus primeros versos | Hay un pa&#xED;s en el mundo | Si alguien quiere saber cu&#xE1;l es mi patria | Domini | Contracanto a Walt Whitman | Eleg&#xED;a de&#xF1; 14 de junio | Balada de exiliado | Al portaviones intr&#xE9;pido | Ni un paso atr&#xE1;s | Meditaci&#xF3;n a orillas de la tarde | Am&#xE9;n de mariposas | Concierto de esperanza para la mano izquierda | El hurac&#xE1;n Neruda | A Julia sin l&#xE1;grimas</subfield>
  </datafield>
  <datafield tag="650" ind1=" " ind2="4">
    <subfield code="a">Poesia </subfield>
  </datafield>
  <datafield tag="700" ind1="1" ind2=" ">
    <subfield code="a">Pedro Mir </subfield>
    <subfield code="e">Autor </subfield>
  </datafield>
  <datafield tag="942" ind1=" " ind2=" ">
    <subfield code="2">ddc</subfield>
    <subfield code="c">BK</subfield>
  </datafield>
  <datafield tag="999" ind1=" " ind2=" ">
    <subfield code="c">24159</subfield>
    <subfield code="d">24159</subfield>
  </datafield>
  <datafield tag="952" ind1=" " ind2=" ">
    <subfield code="0">0</subfield>
    <subfield code="1">0</subfield>
    <subfield code="2">ddc</subfield>
    <subfield code="4">0</subfield>
    <subfield code="7">0</subfield>
    <subfield code="8">RD</subfield>
    <subfield code="a">BU</subfield>
    <subfield code="b">BU</subfield>
    <subfield code="c">GEN</subfield>
    <subfield code="d">2026-05-01</subfield>
    <subfield code="i">023956</subfield>
    <subfield code="l">0</subfield>
    <subfield code="o">RD 861.44M671h</subfield>
    <subfield code="p">023956</subfield>
    <subfield code="r">2026-05-01 15:40:55</subfield>
    <subfield code="t">Ej.1</subfield>
    <subfield code="w">2026-05-01</subfield>
    <subfield code="y">BK</subfield>
  </datafield>
</record>
